Toward Islamization Of Disciplines / (Record no. 12249)
[ view plain ]
| 000 -LEADER | |
|---|---|
| fixed length control field | 00709nam a2200229 a 4500 |
| 001 - CONTROL NUMBER | |
| JCCL Control Number | 12249 |
| 003 - CONTROL NUMBER IDENTIFIER | |
| JCCL marc code | BD-JhCC |
| 005 - DATE AND TIME OF LATEST TRANSACTION | |
| control field | 20210901083023.0 |
| 008 - FIXED-LENGTH DATA ELEMENTS--GENERAL INFORMATION | |
| fixed length control field | 210901b19891995su |||| ||a| 000 0 eng d |
| 020 ## - INTERNATIONAL STANDARD BOOK NUMBER | |
| International Standard Book Number | 091246321x |
| 035 ## - SYSTEM CONTROL NUMBER | |
| system control number | (BD-JhCC)12249 |
| 040 ## - CATALOGING SOURCE | |
| Original cataloging agency | BD-JhCC |
| Modifying agency | BD-JhCC |
| 041 ## - LANGUAGE CODE | |
| Language code of Book | eng |
| 082 ## - DEWEY DECIMAL CLASSIFICATION NUMBER | |
| Classification number | 001.0882971 |
| Author mark and Year | THO 1995 |
| 100 ## - MAIN ENTRY--PERSONAL NAME | |
| Personal name | thought,The international instttute of islamic |
| 245 ## - TITLE STATEMENT | |
| Title | Toward Islamization Of Disciplines / |
| Statement of responsibility, etc | The international instttute of islamic thought . |
| 260 ## - PUBLICATION, DISTRIBUTION, ETC. (IMPRINT) | |
| Place of publication, distribution, etc | Riyadh: |
| Name of publisher, distributor, etc | International islamic publishing house; |
| Date of publication, distribution, etc | 1995. |
| 300 ## - PHYSICAL DESCRIPTION | |
| Pagination | 553 p. : |
| Dimensions | 21 cm. |
| 650 ## - SUBJECT ADDED ENTRY--TOPICAL TERM | |
| Topical term or geographic name as entry element | Islamic Learning and scholarship |
| Geographic subdivision | Islamic Countries |
| 942 ## - ADDED ENTRY ELEMENTS (KOHA) | |
| Source of classification or shelving scheme | Dewey Decimal Classification |
| Koha item type | Books |
| Source of classification or shelving scheme | Damaged status | Not for loan | Home library | Current library | Shelving location | Date of accession | Cost, normal purchase price | Total Checkouts | Full call number | Barcode | Date last seen | Copy number | Koha item type |
|---|---|---|---|---|---|---|---|---|---|---|---|---|---|
| Dewey Decimal Classification | JCC Rouf Library | JCC Rouf Library | General Stacks | 09/01/2021 | 750.00 | 001.0882971 THO 1995 | 16771 | 09/01/2021 | C-1 | Books |